000
00341nam a2200133 a 4500
005
20140414131914.0
008
100902s19uu xx 00 eng d
020
_a
0590454366
050
_a
FIC
_b
M45 1981
100
_a
McDaniel, Lurlene
245
_a
A horse for Mandy.
260
_a
Plain City, OH :
_b
Darby Creek,
_c
1981.
999
_c
111387
_d
111387